000 00494nam a2200205Ia 4500
008 170203s9999 xx 000 0 und d
020 _a9780545236539
050 _aFic
050 _b.Y54h 2011
100 _aYolen, Jane
245 _aHow Do Dinosaurs Play All Day? /
245 _cJane Yolen
260 _aNew York :
260 _bScholastic Inc.,
260 _c2011
300 _a16 pages ;
440 _ahow do dinosaurs series
650 _aDinosaurs--
650 _xFiction.
999 _c306089
_d306089